Hurry Up And Meditate : (Record no. 22133)
[ view plain ]
| 000 -LEADER | |
|---|---|
| fixed length control field | 00709nam a22002657a 4500 |
| 003 - CONTROL NUMBER IDENTIFIER | |
| control field | IBSLLIB |
| 005 - DATE AND TIME OF LATEST TRANSACTION | |
| control field | 20260514064439.0 |
| 008 - FIXED-LENGTH DATA ELEMENTS--GENERAL INFORMATION | |
| fixed length control field | 260514b |||||||| |||| 00| 0 eng d |
| 020 ## - INTERNATIONAL STANDARD BOOK NUMBER | |
| International Standard Book Number | 139781741754476 |
| 040 ## - CATALOGING SOURCE | |
| Original cataloging agency | IBSLLIB |
| Language of cataloging | English |
| 041 ## - LANGUAGE CODE | |
| Language code of original | English |
| 082 ## - DEWEY DECIMAL CLASSIFICATION NUMBER | |
| Classification number | 158.12 |
| Item number | MIC |
| 100 ## - MAIN ENTRY--PERSONAL NAME | |
| Personal name | Michie , David |
| 245 ## - TITLE STATEMENT | |
| Title | Hurry Up And Meditate : |
| Remainder of title | Your Starter Kit For Inner Peace And Better Health |
| 260 ## - PUBLICATION, DISTRIBUTION, ETC. (IMPRINT) | |
| Place of publication, distribution, etc. | Australia : |
| Name of publisher, distributor, etc. | Allen & Unwin , |
| Date of publication, distribution, etc. | 2008 |
| 300 ## - PHYSICAL DESCRIPTION | |
| Extent | 158 P ; |
| Dimensions | 19 cm |
| 650 ## - SUBJECT ADDED ENTRY--TOPICAL TERM | |
| Topical term or geographic name as entry element | Hurry Up And Meditate |
| 653 ## - INDEX TERM--UNCONTROLLED | |
| Uncontrolled term | Maditation |
| 653 ## - INDEX TERM--UNCONTROLLED | |
| Uncontrolled term | Well - Being |
| 653 ## - INDEX TERM--UNCONTROLLED | |
| Uncontrolled term | Happiness |
| 653 ## - INDEX TERM--UNCONTROLLED | |
| Uncontrolled term | Mental Health |
| 653 ## - INDEX TERM--UNCONTROLLED | |
| Uncontrolled term | Stress Manage |
| 653 ## - INDEX TERM--UNCONTROLLED | |
| Uncontrolled term | Psychology |
| 942 ## - ADDED ENTRY ELEMENTS (KOHA) | |
| Koha item type | Lending Book |
| Withdrawn status | Lost status | Damaged status | Not for loan | Collection code | Permanent Location | Current Location | Shelving location | Date acquired | Source of acquisition | Inventory number | Full call number | Barcode | Koha item type |
|---|---|---|---|---|---|---|---|---|---|---|---|---|---|
| Lending Collection | IBSL Library | IBSL Library | Lending Section | 30/04/2026 | Donations | 10883 | 158.12 MIC | 10883 | Lending Book |
